| 000 | 00907nam a22002417a 4500 | ||
|---|---|---|---|
| 999 |
_c11811 _d11811 |
||
| 003 | AR-CdUCM | ||
| 008 | 190405b ||||| |||| 00| 0 spa d | ||
| 040 |
_aMUNICIPALIDAD PROVINCIAL DEL CUSCO _cBIBLIOTECA MUNICIPAL DEL CUSCO |
||
| 082 |
_a371 / _bM44 / 1927 |
||
| 100 |
_aMesser, August _98877 |
||
| 245 | _aFundamentos filosóficos de la pedagogía / | ||
| 260 |
_aBarcelona : _bLabor, _c1927. |
||
| 300 |
_a167 páginas ; _c18 cm. |
||
| 440 |
_aColección labor sección II _929362 |
||
| 440 |
_aEducación _n122 _929363 |
||
| 505 | _aContenido : Filosofía y pedagogía -- Filosofía de la religión -- Filosofía del conocimiento -- Filosofía de la sensación estética y del arte ... | ||
| 650 |
_aPedagogía _91560 |
||
| 650 |
_aEducación _9460 |
||
| 650 |
_aFilosofía _9395 |
||
| 700 |
_aRovira y Emergol, José (Traductor) _929364 |
||
| 942 |
_2ddc _cLIBROS |
||
| 945 |
_arah _d05/04/2019 |
||